Identify the Place in Raleigh - Statistics

General Stats
  • This quiz has been taken 54 times
  • The average score is 9 of 24
Answer Stats
Picture Answer % Correct
PNC Arena
83%
State Capitol
78%
Raleigh-Durham Airport
64%
Crabtree Valley Mall
61%
Marbles Kid's Museum
61%
Governor's Mansion
53%
PNC Tower
53%
Target (North Hills)
44%
Angus Barn
42%
Carolina Country Club
42%
Falls Lake
39%
North Carolina Science Museum
39%
Wegman's (Wake Forest Road)
39%
Five Points BP
33%
Raleigh Rose Garden
31%
Hayes Barton Baptist Church
28%
Fred Fletcher Park
25%
Peace Street Market
25%
Cardinal Gibbons High School
19%
1412 Regent Place
14%
O'Malley's Pub and Restaurant
11%
Rex Hospital
11%
Seven Oaks Swim and Racquet Club
8%
Fred Olds Elementary School
6%
No matching quizzes found
Score Distribution
Percent of People with Each Score
Percentile by Number Answered
Your Score History
You have not taken this quiz